သႃႇသၼႃႇတွင်းပၢၼ်ႇ / (Record no. 25635)

000 -LEADER
fixed length control field 00870nam a22002297a 4500
003 - CONTROL NUMBER IDENTIFIER
control field OSt
005 - DATE AND TIME OF LATEST TRANSACTION
control field 20260124084543.0
008 - FIXED-LENGTH DATA ELEMENTS--GENERAL INFORMATION
fixed length control field 230612b ||||| |||| 00| 0 eng d
040 ## - CATALOGING SOURCE
Transcribing agency SSBUL
041 ## - LANGUAGE CODE
Language code of text/sound track or separate title Shan
082 ## - DEWEY DECIMAL CLASSIFICATION NUMBER
Edition number 23
Classification number 294.3368
100 0# - MAIN ENTRY--PERSONAL NAME
Personal name ၼမ်ႉဝၢႆၶျွင်း(ၵျွၵ်ႉမႄး)၊
Titles and words associated with a name ၸရေး။
245 10 - TITLE STATEMENT
Title သႃႇသၼႃႇတွင်းပၢၼ်ႇ /
Statement of responsibility, etc. ၸရေး ၼမ်ႉဝၢႆၶျွင်း(ၵျွၵ်ႉမႄး)။
260 ## - PUBLICATION, DISTRIBUTION, ETC.
Place of publication, distribution, etc. တူၼ်ႈတီး၊
Name of publisher, distributor, etc. ဝိၼ်းၵွမ်ႇပျူႇတႃႇ၊
Date of publication, distribution, etc. 2014 ။
300 ## - PHYSICAL DESCRIPTION
Extent 124 ၼႃႈ၊
Dimensions 20 ၸိၼ်ႇတီႇ။
500 ## - GENERAL NOTE
General note S-SAT: Dr. Prof Sai Aung Tun
650 ## - SUBJECT ADDED ENTRY--TOPICAL TERM
Topical term or geographic name entry element ဝွၵ်း - ပုတ်ႉထၽႃႇသႃႇ
942 ## - ADDED ENTRY ELEMENTS (KOHA)
Koha item type Books (Long term)
100 0# - MAIN ENTRY--PERSONAL NAME
9 (RLIN) 25747
650 ## - SUBJECT ADDED ENTRY--TOPICAL TERM
9 (RLIN) 24567
Source of classification or shelving scheme
Source of classification or shelving scheme
Source of classification or shelving scheme
Holdings
Withdrawn status Lost status Source of classification or shelving scheme Damaged status Not for loan Collection Code Permanent Location Current Location Shelving location Date acquired Total Checkouts Full call number Date last seen Price effective from Koha item type Accession
          Special Collections Shan State Buddhist University Library Shan State Buddhist University Library Special Collection Shelves 12/06/2023   294.3368 ၼၼ်ႇ ႒႙႙႒ S-SAT 12/06/2023 12/06/2023 Books (Long term) ႒႙႙႒ S-SAT

Library - 09407999929
Admin Office - 09407999979
Dean Office - 09250910768
Registrar Office - 09892297154
Email - [email protected]
Shan State Buddhist University, Phaya Phyu Taunggyi, Shan State, Myanmar.